Way To Dream Home: (Record no. 195104)
[ view plain ]
| 000 -LEADER | |
|---|---|
| fixed length control field | 00468nam a22001697a 4500 |
| 005 - DATE AND TIME OF LATEST TRANSACTION | |
| control field | 20230217151723.0 |
| 010 ## - LCCN (DPL NO) | |
| LC control number | ENG-136234 |
| 020 ## - INTERNATIONAL STANDARD BOOK NUMBER | |
| International Standard Book Number | 9789392048029 |
| Terms of availability | 449.00 |
| 035 ## - SYSTEM CONTROL NUMBER | |
| System control number | EN-119766 |
| 037 ## - SOURCE OF ACQUISITION | |
| Source of stock number/acquisition | DBAD/PUB |
| 082 ## - DEWEY DECIMAL CLASSIFICATION NUMBER | |
| Classification number | 728.084 |
| 100 ## - MAIN ENTRY--PERSONAL NAME | |
| Personal name | Sharma, J.M. |
| 245 ## - TITLE STATEMENT | |
| Title | Way To Dream Home: |
| Remainder of title | Turn Your dreams into reality/ |
| Statement of responsibility, etc | by J.M. Sharma |
| 260 ## - PUBLICATION, DISTRIBUTION, ETC. (IMPRINT) | |
| Name of publisher, distributor, etc | Abhisima Publications |
| 300 ## - PHYSICAL DESCRIPTION | |
| Extent | 308p. |
| Dimensions | 20cm(pbk) |
| 942 ## - ADDED ENTRY ELEMENTS (KOHA) | |
| Source of classification or shelving scheme | Dewey Decimal Classification |
| Item type | English Books |
| Classification part | 728.084 |
| Call number suffix | SHA |
| Withdrawn status | Lost status | Not for loan | Collection code | Home library | Current library | Date acquired | Source of acquisition | Cost, normal purchase price | Full call number | Barcode | Copy number | Cost, replacement price | Koha item type |
|---|---|---|---|---|---|---|---|---|---|---|---|---|---|
| Non-fiction | Katevara | Katevara | 17/02/2023 | DBAD/PUB | 449.00 | 728.084 SHA | EN-119766 | 1 | 449.00 | English Books |
